[Event "WchT Blitz Pool D"]
[Site "London"]
[Date "2025.06.14"]
[Round "12.3"]
[White "Andiwoh, Moses"]
[Black "Zhakshylykov, Erzhan"]
[Result "0-1"]
[WhiteElo "1796"]
[BlackElo "2362"]
[PlyCount "50"]
[EventDate "2025.06.14"]
[EventType "team-tourn"]
[EventRounds "13"]
[EventCountry "ENG"]
[SourceTitle "CB25_2025"]
[SourceDate "2025.06.18"]
[SourceVersion "1"]
[SourceVersionDate "2025.06.18"]
[SourceQuality "1"]
[WhiteTeam "Kenya Equity Bank"]
[BlackTeam "Kyrgyzstan Noval Group"]
[WhiteTeamCountry "KEN"]
[BlackTeamCountry "KGZ"]

1. e4 e6 2. d3 d5 3. Nd2 Nf6 4. g3 dxe4 5. dxe4 Nc6 6. Bg2 Bc5 7. Ngf3 e5 8. 0-0 0-0 9. c3 a5 10. Qe2 b6 11. Nb3 Ba6 12. c4 Be7 13. Bg5 Nd7 14. Bxe7 Qxe7 15. Nbd2 Nc5 16. b3 Rad8 17. Rad1 a4 18. b4 Nxb4 19. Nb1 Qe6 20. Rc1 Nc6 21. Rc3 Nd4 22. Nxd4 Rxd4 23. Nd2 Rfd8 24. Rc2 Qd6 25. Nf3 Rxe4 0-1

[Event "WchT Blitz Pool D"]
[Site "London"]
[Date "2025.06.14"]
[Round "8.3"]
[White "Banerjee, Supratit"]
[Black "Zhakshylykov, Erzhan"]
[Result "0-1"]
[WhiteElo "2311"]
[BlackElo "2362"]
[PlyCount "107"]
[EventDate "2025.06.14"]
[EventType "team-tourn"]
[EventRounds "13"]
[EventCountry "ENG"]
[SourceTitle "CB25_2025"]
[SourceDate "2025.06.18"]
[SourceVersion "1"]
[SourceVersionDate "2025.06.18"]
[SourceQuality "1"]
[WhiteTeam "English Knightmares"]
[BlackTeam "Kyrgyzstan Noval Group"]
[WhiteTeamCountry "ENG"]
[BlackTeamCountry "KGZ"]

1. e4 e6 2. d4 d5 3. e5 c5 4. c3 Nc6 5. Nf3 Qb6 6. Bd3 cxd4 7. 0-0 Bd7 8. Re1 Nge7 9. h4 Rc8 10. Nbd2 dxc3 11. bxc3 Na5 12. c4 dxc4 13. Bc2 Nd5 14. Ne4 h6 15. Rb1 Qc7 16. h5 Be7 17. Qe2 b5 18. Nd4 Qxe5 19. Nxb5 0-0 20. Nxa7 Rb8 21. Bd2 c3 22. Nxc3 Qxe2 23. Rxe2 Nb4 24. Be4 Nc4 25. Bf4 e5 26. Bg3 Bc5 27. a3 Bxa7 28. axb4 Bd4 29. Nd5 f5 30. Bd3 Na3 31. Rb3 f4 32. Bh4 Nb5 33. Be7 Rf7 34. Bg6 Be6 35. Be4 Nc7 36. Nxc7 Bxb3 37. Nd5 Bc4 38. Rc2 Bb3 39. Rc7 Kh8 40. b5 Bxd5 41. Bxd5 Rf5 42. Bc6 Rxh5 43. Rd7 Rf5 44. Bd6 Rc8 45. Kf1 Rf6 46. Ke2 h5 47. f3 h4 48. Kd3 Rg6 49. Bb7 Rc3+ 50. Ke4 Rxg2 51. Kf5 h3 52. Be4 Rc8 53. b6 Bxb6 54. Bxe5 0-1

[Event "WchT Blitz Pool D"]
[Site "London"]
[Date "2025.06.14"]
[Round "10.3"]
[White "Erdos, Viktor"]
[Black "Zhakshylykov, Erzhan"]
[Result "0-1"]
[WhiteElo "2545"]
[BlackElo "2362"]
[PlyCount "84"]
[EventDate "2025.06.14"]
[EventType "team-tourn"]
[EventRounds "13"]
[EventCountry "ENG"]
[SourceTitle "CB25_2025"]
[SourceDate "2025.06.18"]
[SourceVersion "1"]
[SourceVersionDate "2025.06.18"]
[SourceQuality "1"]
[WhiteTeam "Team Hungary"]
[BlackTeam "Kyrgyzstan Noval Group"]
[WhiteTeamCountry "HUN"]
[BlackTeamCountry "KGZ"]

1. d4 Nf6 2. c4 e6 3. Nc3 d5 4. cxd5 exd5 5. Bg5 c6 6. e3 Be7 7. Bd3 Nbd7 8. Nge2 0-0 9. 0-0 Re8 10. Qc2 h6 11. Bh4 b5 12. a3 a5 13. f3 Ba6 14. e4 b4 15. Bxa6 bxc3 16. Bb7 Rb8 17. Bxc6 Rxb2 18. Qxc3 Rxe2 19. Bb5 Rxg2+ 20. Kxg2 dxe4 21. fxe4 Nxe4 22. Bxe7 Qxe7 23. Qe3 Qd6 24. Rae1 Re6 25. Bc4 Rg6+ 26. Kh1 Nef6 27. Qf3 Nf8 28. Rd1 Rg5 29. Rg1 Ng6 30. Rxg5 hxg5 31. Qg3 Qc6+ 32. d5 Qxc4 33. d6 Qc6+ 34. Qg2 Qd7 35. Qxg5 Ne4 36. Qg2 Nc3 37. Rd3 Na4 38. Qa8+ Kh7 39. Rd1 Nf4 40. Qe4+ Ng6 41. Rd3 Nc5 42. Qe2 Nf4 0-1

[Event "WchT Blitz Pool D"]
[Site "London"]
[Date "2025.06.14"]
[Round "7.3"]
[White "Zhakshylykov, Erzhan"]
[Black "Dasgupta, Avyukt"]
[Result "1-0"]
[WhiteElo "2362"]
[BlackElo "2125"]
[PlyCount "63"]
[EventDate "2025.06.14"]
[EventType "team-tourn"]
[EventRounds "13"]
[EventCountry "ENG"]
[SourceTitle "CB25_2025"]
[SourceDate "2025.06.18"]
[SourceVersion "1"]
[SourceVersionDate "2025.06.18"]
[SourceQuality "1"]
[WhiteTeam "Kyrgyzstan Noval Group"]
[BlackTeam "The London Legends"]
[WhiteTeamCountry "KGZ"]
[BlackTeamCountry "ENG"]

1. d4 Nf6 2. Nc3 d5 3. Bf4 a6 4. e3 Bf5 5. Bd3 Bxd3 6. cxd3 e6 7. Qb3 Qc8 8. Rc1 c6 9. h3 Nbd7 10. Nf3 Be7 11. 0-0 0-0 12. e4 Ra7 13. Bh2 h6 14. Ne5 Qd8 15. exd5 Nxe5 16. Bxe5 Nxd5 17. Ne4 Bf6 18. Bd6 Be7 19. Be5 Bf6 20. Nc5 Bxe5 21. dxe5 Qb6 22. Qxb6 Nxb6 23. Rc3 Rd8 24. Rb3 Nd7 25. Nxb7 Rb8 26. Na5 Rxb3 27. axb3 Nxe5 28. d4 Nd3 29. Rd1 Nb4 30. Rc1 Rd7 31. Rc4 Rb7 32. Nxb7 1-0

[Event "WchT Blitz Pool D"]
[Site "London"]
[Date "2025.06.14"]
[Round "1.4"]
[White "Zhakshylykov, Erzhan"]
[Black "Mendonca, Leon Luke"]
[Result "0-1"]
[WhiteElo "2362"]
[BlackElo "2603"]
[PlyCount "128"]
[EventDate "2025.06.14"]
[EventType "team-tourn"]
[EventRounds "13"]
[EventCountry "ENG"]
[SourceTitle "CB25_2025"]
[SourceDate "2025.06.18"]
[SourceVersion "1"]
[SourceVersionDate "2025.06.18"]
[SourceQuality "1"]
[WhiteTeam "Kyrgyzstan Noval Group"]
[BlackTeam "Team MGD1"]
[WhiteTeamCountry "KGZ"]
[BlackTeamCountry "IND"]

1. d4 Nf6 2. c4 e6 3. g3 d5 4. Bg2 Be7 5. Nf3 0-0 6. 0-0 c6 7. b3 b6 8. Bb2 Bb7 9. Nbd2 Nbd7 10. e3 Rc8 11. Qe2 c5 12. Rfd1 Rc7 13. dxc5 Nxc5 14. Rac1 Qa8 15. Be5 Rcc8 16. cxd5 Bxd5 17. Nc4 Rfd8 18. h3 h6 19. Bb2 Qb7 20. Nce5 a5 21. Bd4 b5 22. Ne1 Bxg2 23. Nxg2 Nce4 24. Nf4 b4 25. Rc4 Rxc4 26. Nxc4 Qb5 27. h4 a4 28. Qc2 a3 29. Kg2 Rc8 30. f3 Nd6 31. Bxf6 Nxc4 32. bxc4 Rxc4 33. Qe2 Bxf6 34. e4 Qc6 35. Kh3 Bd4 36. Nd3 e5 37. f4 Qc8+ 38. f5 Rc2 39. Qg4 b3 40. axb3 a2 41. Nb4 Rb2 42. Nd5 Qd8 43. f6 g6 44. Ne7+ Kh7 45. h5 Qe8 46. hxg6+ fxg6 47. Rc1 Rc2 48. Rxc2 a1Q 49. Qf3 Qa7 50. Nd5 Qad7+ 51. g4 Qef7 52. Rc7 Qxc7 53. Nxc7 Kg8 54. Nd5 Qe6 55. Kg2 Bc5 56. b4 Bf8 57. b5 Bc5 58. Kg3 Kf7 59. Qc3 Qd6 60. Qa5 h5 61. Qa6 Qd7 62. gxh5 gxh5 63. Kg2 Qg4+ 64. Kf1 Qf3+ 0-1

[Event "WchT Rapid"]
[Site "London"]
[Date "2025.06.13"]
[Round "12.3"]
[White "Banerjee, Supratit"]
[Black "Zhakshylykov, Erzhan"]
[Result "0-1"]
[WhiteElo "2067"]
[BlackElo "2235"]
[PlyCount "134"]
[EventDate "2025.06.11"]
[EventType "team-swiss"]
[EventRounds "12"]
[EventCountry "ENG"]
[SourceTitle "CB25_2025"]
[SourceDate "2025.06.18"]
[SourceVersion "1"]
[SourceVersionDate "2025.06.18"]
[SourceQuality "1"]
[WhiteTeam "English Knightmares"]
[BlackTeam "Kyrgyzstan Noval Group"]
[WhiteTeamCountry "ENG"]
[BlackTeamCountry "KGZ"]

1. e4 e5 2. Nf3 Nc6 3. Bb5 a6 4. Ba4 Nf6 5. 0-0 Nxe4 6. Re1 Nc5 7. Bxc6 dxc6 8. Nxe5 Be7 9. d4 Ne6 10. c3 0-0 11. Be3 Bd6 12. f4 f6 13. Nd3 Re8 14. Nd2 Nf8 15. Qf3 Be6 16. c4 Bf5 17. Nf2 Bb4 18. Rad1 Ne6 19. d5 cxd5 20. cxd5 Nf8 21. a3 Bd6 22. Nde4 Qd7 23. Bd4 Ng6 24. g3 Rf8 25. Nc5 Bxc5 26. Bxc5 Rfe8 27. d6 cxd6 28. Qd5+ Be6 29. Qxd6 Qf7 30. Rd3 Bc4 31. Rde3 Rxe3 32. Rxe3 Re8 33. Qd4 Rxe3 34. Qxe3 h6 35. h4 Qd5 36. Bd4 Bb5 37. Qe4 Qf7 38. Bc5 Bc6 39. Qd3 Qe8 40. h5 Nf8 41. Bxf8 Kxf8 42. g4 Qe1+ 43. Qf1 Qe3 44. Qh3 Qxf4 45. Qc3 Qd6 46. Qd3 Qe7 47. Qc3 Qe2 48. Qb4+ Ke8 49. Qc3 Qe6 50. Qd2 Ke7 51. Qb4+ Kf7 52. Qd2 Qe5 53. Qc3 Qxc3 54. bxc3 f5 55. Kh2 fxg4 56. Nxg4 Ke6 57. Kg3 Be8 58. Kh4 Bf7 59. Nf2 Kd5 60. Nd3 a5 61. Kg4 b5 62. Kh4 Be8 63. Nb2 Ke4 64. Kg4 Bd7+ 65. Kh4 Ke3 66. c4 Kd2 67. cxb5 Bxb5 0-1

[Event "WchT Rapid"]
[Site "London"]
[Date "2025.06.13"]
[Round "10.3"]
[White "Florstedt, Johannes"]
[Black "Zhakshylykov, Erzhan"]
[Result "0-1"]
[WhiteElo "2334"]
[BlackElo "2235"]
[PlyCount "82"]
[EventDate "2025.06.11"]
[EventType "team-swiss"]
[EventRounds "12"]
[EventCountry "ENG"]
[SourceTitle "CB25_2025"]
[SourceDate "2025.06.18"]
[SourceVersion "1"]
[SourceVersionDate "2025.06.18"]
[SourceQuality "1"]
[WhiteTeam "Berlin Chess Federation"]
[BlackTeam "Kyrgyzstan Noval Group"]
[WhiteTeamCountry "GER"]
[BlackTeamCountry "KGZ"]

1. e4 e6 2. d4 d5 3. e5 c5 4. c3 Nc6 5. Nf3 Qb6 6. Bd3 cxd4 7. 0-0 Bd7 8. Re1 Nge7 9. h4 Rc8 10. a3 a6 11. h5 h6 12. b4 dxc3 13. Nxc3 Nd4 14. Be3 Nxf3+ 15. Qxf3 Qd8 16. Rac1 Nc6 17. Bf4 Be7 18. Bb1 Bg5 19. Ne2 Bxf4 20. Nxf4 Qg5 21. Nh3 Qh4 22. Kh2 Ke7 23. Rcd1 Nd4 24. Qd3 Nb5 25. Rc1 Rc4 26. a4 Na7 27. Rxc4 Qxc4 28. Qg3 Kf8 29. Nf4 Qxb4 30. Rc1 Nc6 31. Nd3 Qe7 32. Nc5 Be8 33. Rc3 Qg5 34. Qf3 Qxe5+ 35. g3 Nd4 36. Qd1 Nc6 37. Qd2 Qxh5+ 38. Kg2 Qg5 39. Qb2 d4 40. Rf3 Qxc5 41. Qxb7 Ne5 0-1

[Event "WchT Rapid"]
[Site "London"]
[Date "2025.06.12"]
[Round "8.3"]
[White "Vujatovic, Rajko"]
[Black "Zhakshylykov, Erzhan"]
[Result "0-1"]
[WhiteElo "2194"]
[BlackElo "2235"]
[PlyCount "64"]
[EventDate "2025.06.11"]
[EventType "team-swiss"]
[EventRounds "12"]
[EventCountry "ENG"]
[SourceTitle "CB25_2025"]
[SourceDate "2025.06.18"]
[SourceVersion "1"]
[SourceVersionDate "2025.06.18"]
[SourceQuality "1"]
[WhiteTeam "Sassy Seniors"]
[BlackTeam "Kyrgyzstan Noval Group"]
[WhiteTeamCountry "ENG"]
[BlackTeamCountry "KGZ"]

1. Nf3 Nf6 2. g3 d5 3. Bg2 e6 4. 0-0 Be7 5. d4 b5 6. a4 b4 7. c4 bxc3 8. bxc3 Ba6 9. Ba3 Nbd7 10. Nbd2 0-0 11. c4 Bxa3 12. Rxa3 Qe7 13. Rc3 c5 14. Qc2 Rab8 15. dxc5 Qxc5 16. cxd5 Qxd5 17. e4 Qa5 18. Ra1 Rfc8 19. Rxc8+ Rxc8 20. Qa2 h6 21. Bf1 Bxf1 22. Kxf1 Ne5 23. Nxe5 Qxe5 24. Re1 Rb8 25. Qc4 Rb2 26. Qd3 Ra2 27. Nc4 Qc5 28. Re2 Rxa4 29. Qd8+ Kh7 30. Nd6 Qh5 31. h4 Qf3 32. Re1 Ra2 0-1

[Event "WchT Rapid"]
[Site "London"]
[Date "2025.06.12"]
[Round "7.2"]
[White "Williams, Simon Kim"]
[Black "Zhakshylykov, Erzhan"]
[Result "1-0"]
[WhiteElo "2497"]
[BlackElo "2235"]
[PlyCount "73"]
[EventDate "2025.06.11"]
[EventType "team-swiss"]
[EventRounds "12"]
[EventCountry "ENG"]
[SourceTitle "CB25_2025"]
[SourceDate "2025.06.18"]
[SourceVersion "1"]
[SourceVersionDate "2025.06.18"]
[SourceQuality "1"]
[WhiteTeam "e-therapeutics"]
[BlackTeam "Kyrgyzstan Noval Group"]
[WhiteTeamCountry "ENG"]
[BlackTeamCountry "KGZ"]

1. d4 Nf6 2. Bg5 d5 3. Nd2 c5 4. dxc5 e6 5. e4 Nc6 6. Bd3 Bxc5 7. Ngf3 h6 8. Bh4 Be7 9. Bg3 Nb4 10. 0-0 Nxd3 11. cxd3 0-0 12. Rc1 Bd7 13. Qb3 Bc6 14. Ne5 Rc8 15. Nxc6 bxc6 16. Qb7 Qd7 17. Qxd7 Nxd7 18. Nb3 Nb6 19. Nc5 Rfd8 20. Bf4 dxe4 21. dxe4 Rd4 22. f3 Rc4 23. Be3 Rd8 24. b3 Rb4 25. Rfd1 Rxd1+ 26. Rxd1 Rb5 27. Rc1 a5 28. Rc2 g5 29. Kf2 Kg7 30. Ke2 Kg6 31. Nd3 a4 32. Rxc6 axb3 33. axb3 Bd8 34. b4 Na4 35. Kd2 Be7 36. Kc2 Bxb4 37. Rc4 1-0

[Event "WchT Rapid"]
[Site "London"]
[Date "2025.06.11"]
[Round "3.3"]
[White "Zhakshylykov, Erzhan"]
[Black "Bologan, Viktor"]
[Result "0-1"]
[WhiteElo "2235"]
[BlackElo "2501"]
[PlyCount "76"]
[EventDate "2025.06.11"]
[EventType "team-swiss"]
[EventRounds "12"]
[EventCountry "ENG"]
[SourceTitle "CB25_2025"]
[SourceDate "2025.06.18"]
[SourceVersion "1"]
[SourceVersionDate "2025.06.18"]
[SourceQuality "1"]
[WhiteTeam "Kyrgyzstan Noval Group"]
[BlackTeam "FIDE MB Team"]
[WhiteTeamCountry "KGZ"]

1. d4 Nf6 2. c4 Nc6 3. Nf3 e6 4. a3 d6 5. Nc3 g6 6. g3 Bg7 7. Bg2 0-0 8. 0-0 a6 9. d5 Ne7 10. e4 Nd7 11. Be3 e5 12. Ne1 f5 13. Nd3 Nf6 14. f3 h6 15. Kh1 g5 16. exf5 Nxf5 17. Bf2 Bd7 18. c5 Kh8 19. a4 Nd4 20. Rc1 Qe8 21. Re1 Qh5 22. Kg1 Rae8 23. b4 g4 24. Bxd4 exd4 25. Nf4 Rxe1+ 26. Qxe1 Qf7 27. Nce2 Nxd5 28. Nxd5 Qxd5 29. fxg4 Qg5 30. Nf4 Bxg4 31. cxd6 cxd6 32. h4 Qf6 33. Rc7 d3 34. Kh2 Bf5 35. Nh5 Qe5 36. Qd2 Qe2 37. Qxe2 dxe2 38. Re7 Be5 0-1

[Event "Moscow Ivi GP op"]
[Site "Moscow"]
[Date "2025.03.10"]
[Round "5"]
[White "Khubukshanov, Erdem"]
[Black "Zhakshylykov, Erzhan"]
[Result "0-1"]
[WhiteElo "2448"]
[BlackElo "2295"]
[PlyCount "118"]
[EventDate "2025.03.08"]
[EventType "swiss"]
[EventRounds "10"]
[EventCountry "RUS"]
[SourceTitle "CB12_2025"]
[SourceDate "2025.03.19"]
[SourceVersion "1"]
[SourceVersionDate "2025.03.19"]
[SourceQuality "1"]

1. e4 e6 2. d4 d5 3. e5 c5 4. c3 Nc6 5. Nf3 Qb6 6. Bd3 Bd7 7. dxc5 Qc7 8. Bf4 Bxc5 9. b4 Bb6 10. 0-0 Nge7 11. a4 a6 12. Re1 d4 13. Qb3 Nd5 14. Bd2 dxc3 15. Nxc3 Nxc3 16. Bxc3 Ne7 17. Ng5 Bc6 18. b5 Bd5 19. Qb2 a5 20. Rac1 Qd8 21. Red1 Ng6 22. Qd2 0-0 23. Bb2 h6 24. Nf3 Qe7 25. Ne1 Rad8 26. Ra1 Bc5 27. g3 b6 28. Qe2 Qg5 29. Kf1 Rd7 30. Be4 Rfd8 31. Bxd5 Rxd5 32. Rxd5 Rxd5 33. Rd1 Qd8 34. Nd3 Bd4 35. f4 Ne7 36. Bc1 Qc7 37. Qa2 Nf5 38. Kg2 Qb7 39. Kh3 Be3 40. Qe2 Bxc1 41. Rxc1 Rd4 42. Rc6 Qd7 43. Ne1 Qd5 44. Qf3 Qd8 45. Qc3 Kh7 46. Rc8 Qd5 47. Qc7 Kg6 48. Rf8 Qd7 49. Qxb6 Rd1 50. Ng2 Rd2 51. Qxa5 Rxg2 52. Rd8 Qb7 53. Qa8 Qxa8 54. Rxa8 Rb2 55. Kg4 Nd4 56. Rd8 h5+ 57. Kh3 Nf3 58. g4 h4 59. f5+ Kg5 0-1

[Event "Moscow Ivi GP op"]
[Site "Moscow"]
[Date "2025.03.10"]
[Round "5"]
[White "Zhakshylykov, Erzhan"]
[Black "Soham, Kamotra"]
[Result "1-0"]
[WhiteElo "2295"]
[BlackElo "2430"]
[PlyCount "113"]
[EventDate "2025.03.08"]
[EventType "swiss"]
[EventRounds "10"]
[EventCountry "RUS"]
[SourceTitle "CB12_2025"]
[SourceDate "2025.03.19"]
[SourceVersion "1"]
[SourceVersionDate "2025.03.19"]
[SourceQuality "1"]

1. Nf3 d5 2. d4 Nf6 3. c4 dxc4 4. e3 Bg4 5. Nbd2 e6 6. h3 Bh5 7. g4 Bg6 8. Ne5 Nbd7 9. Nxg6 hxg6 10. Bg2 Bb4 11. Qa4 Nd5 12. 0-0 c6 13. Qc2 N7b6 14. Nxc4 Nxc4 15. Qxc4 Qa5 16. e4 Nb6 17. Qc2 0-0-0 18. Be3 Kb8 19. a3 Bd6 20. b4 Qa4 21. Rfc1 Qxc2 22. Rxc2 f5 23. f3 Bg3 24. Kf1 Bc7 25. Rac1 Rd7 26. Kg1 Bg3 27. Bf1 Rf8 28. b5 cxb5 29. Bxb5 Rc7 30. Kg2 Rxc2+ 31. Rxc2 Bd6 32. a4 Rc8 33. Rxc8+ Kxc8 34. a5 a6 35. Bd3 fxe4 36. fxe4 Nd7 37. e5 Bb4 38. Bxg6 Bxa5 39. h4 Nb6 40. Kf3 Nd5 41. Bc1 Kd7 42. h5 Ke7 43. g5 Bc3 44. Ke4 b5 45. h6 gxh6 46. gxh6 Kf8 47. h7 Kg7 48. Bf7 Kxh7 49. Bxe6 Nb6 50. d5 Nc4 51. Bf4 Na5 52. d6 Nb7 53. Bf5+ Kg7 54. e6 Bf6 55. Be5 Kf8 56. Kd5 Nxd6 57. Bxd6+ 1-0

[Event "Moscow Ivi GP op"]
[Site "Moscow"]
[Date "2025.03.09"]
[Round "4"]
[White "Kononenko, Dmitry1"]
[Black "Zhakshylykov, Erzhan"]
[Result "0-1"]
[WhiteElo "2178"]
[BlackElo "2295"]
[PlyCount "119"]
[EventDate "2025.03.08"]
[EventType "swiss"]
[EventRounds "10"]
[EventCountry "RUS"]
[SourceTitle "CB12_2025"]
[SourceDate "2025.03.19"]
[SourceVersion "1"]
[SourceVersionDate "2025.03.19"]
[SourceQuality "1"]

1. e4 e6 2. d4 d5 3. e5 c5 4. c3 Nc6 5. Nf3 Qb6 6. a3 Bd7 7. b4 cxd4 8. cxd4 Rc8 9. Be2 a5 10. b5 Nxd4 11. Nxd4 Rxc1 12. Qxc1 Qxd4 13. Nd2 Qxe5 14. Nf3 Qf6 15. b6 Bd6 16. 0-0 Ne7 17. Qd2 e5 18. Qxa5 0-0 19. Rad1 e4 20. Nd4 Be5 21. Qd2 Ng6 22. Rfe1 Ba4 23. g3 Bxd1 24. Rxd1 Qxb6 25. Qe3 Rd8 26. Kg2 h6 27. h4 Qf6 28. Nb3 Ne7 29. Bg4 Qg6 30. Qe2 f5 31. Bh5 Qb6 32. Qa2 Rc8 33. Rb1 Rc3 34. Nc1 Qc7 35. Ne2 Rc2 36. Qb3 g6 37. Bxg6 Nxg6 38. Qxd5+ Qf7 39. Qd1 Rc8 40. h5 Nf8 41. Rb5 Re8 42. Qa4 Qxh5 43. Rxb7 Qf3+ 44. Kg1 Rd8 45. Qb3+ Kh8 46. Qxf3 exf3 47. Nf4 Bxf4 48. gxf4 Ne6 49. Rb6 Nxf4 50. Rxh6+ Kg7 51. Rh4 Rd4 52. Kh2 Ra4 53. Kg3 Ne2+ 54. Kh3 Rxa3 55. Rb4 Rd3 56. Rb6 Rd4 57. Rb3 Kg6 58. Rxf3 Ng1+ 59. Kg3 Rd5 60. Rd3 0-1

[Event "Moscow Aeroflot op-A"]
[Site "Moscow"]
[Date "2025.03.05"]
[Round "8"]
[White "Iljiushenok, Ilia"]
[Black "Zhakshylykov, Erzhan"]
[Result "1-0"]
[WhiteElo "2519"]
[BlackElo "2295"]
[PlyCount "85"]
[EventDate "2025.03.01"]
[EventType "swiss"]
[EventRounds "9"]
[EventCountry "RUS"]
[SourceTitle "CB11_2025"]
[SourceDate "2025.03.12"]
[SourceVersion "1"]
[SourceVersionDate "2025.03.12"]
[SourceQuality "1"]

1. e4 e5 2. Nf3 Nc6 3. Bc4 Nf6 4. d3 Bc5 5. c3 d6 6. 0-0 h6 7. Re1 0-0 8. h3 a5 9. d4 Ba7 10. Bb3 Re8 11. Bc2 Bd7 12. a4 exd4 13. cxd4 Nb4 14. Nc3 Bc6 15. Bb1 Qe7 16. Bd2 Rad8 17. Ra3 Qf8 18. Nb5 Bb6 19. d5 Bd7 20. Bf4 Re7 21. Be3 Bxe3 22. Raxe3 Bc8 23. Nh4 c6 24. dxc6 Nxc6 25. Ba2 Be6 26. Bxe6 Rxe6 27. Nf5 g6 28. Nfd4 Re5 29. f4 Rc5 30. Qb3 Qe7 31. Nf3 Nh5 32. e5 dxe5 33. fxe5 Qe6 34. Nd6 Qxb3 35. Rxb3 Rc2 36. Rxb7 Nf4 37. Nxf7 Rxg2+ 38. Kh1 Rd3 39. Nxh6+ Kh8 40. Ng5 Rxg5 41. Nf7+ Kg8 42. Nxg5 Nd4 43. Rc1 1-0

[Event "Moscow Aeroflot op-A"]
[Site "Moscow"]
[Date "2025.03.03"]
[Round "4"]
[White "Gilfanov, Marat I"]
[Black "Zhakshylykov, Erzhan"]
[Result "0-1"]
[WhiteElo "2376"]
[BlackElo "2295"]
[PlyCount "62"]
[EventDate "2025.03.01"]
[EventType "swiss"]
[EventRounds "9"]
[EventCountry "RUS"]
[SourceTitle "CB11_2025"]
[SourceDate "2025.03.12"]
[SourceVersion "1"]
[SourceVersionDate "2025.03.12"]
[SourceQuality "1"]

1. e4 e5 2. Nf3 Nc6 3. Bb5 a6 4. Ba4 Nf6 5. 0-0 Nxe4 6. d4 b5 7. Bb3 d5 8. dxe5 Be6 9. c3 Be7 10. Be3 0-0 11. Nbd2 Bg4 12. h3 Bh5 13. g4 Bg6 14. Nd4 Nxe5 15. f4 c5 16. fxe5 cxd4 17. Bxd4 Nc5 18. Bc2 Bxc2 19. Qxc2 Ne6 20. Nb3 Rc8 21. Qf2 b4 22. Bb6 Qd7 23. cxb4 Bxb4 24. Nd4 Rb8 25. Nxe6 fxe6 26. Qe3 Qb5 27. Bd4 Be7 28. g5 Qc4 29. h4 Rb4 30. Rxf8+ Bxf8 31. Rd1 Bc5 0-1

[Event "Moscow Aeroflot op-A"]
[Site "Moscow"]
[Date "2025.03.03"]
[Round "5"]
[White "Zhakshylykov, Erzhan"]
[Black "Obgolts, Erik"]
[Result "1-0"]
[WhiteElo "2295"]
[BlackElo "2403"]
[PlyCount "105"]
[EventDate "2025.03.01"]
[EventType "swiss"]
[EventRounds "9"]
[EventCountry "RUS"]
[SourceTitle "CB11_2025"]
[SourceDate "2025.03.12"]
[SourceVersion "1"]
[SourceVersionDate "2025.03.12"]
[SourceQuality "1"]

1. c4 b6 2. Nc3 Bb7 3. e4 e6 4. Nf3 Bb4 5. Bd3 Bxc3 6. dxc3 d6 7. Bg5 f6 8. Be3 e5 9. Qe2 Ne7 10. 0-0-0 Nd7 11. Bc2 Ng6 12. h4 h5 13. Nd2 Qe7 14. g3 0-0-0 15. a4 Qf7 16. b4 Ne7 17. Rhe1 Kb8 18. Kb2 Rdf8 19. a5 f5 20. axb6 axb6 21. Bg5 f4 22. Bb3 c5 23. gxf4 exf4 24. Nf3 Nc8 25. Qd2 Bc6 26. Ra1 Qe6 27. Qe2 Ne5 28. Nd4 cxd4 29. cxd4 Bb7 30. dxe5 Qxe5+ 31. Ka2 Kc7 32. Qb2 Na7 33. Qxe5 dxe5 34. b5 Nc8 35. f3 Nd6 36. Rad1 Re8 37. Rg1 Rhf8 38. Ba4 Bc8 39. c5 Be6+ 40. Ka3 Nc4+ 41. Kb4 bxc5+ 42. Kxc5 Nb6 43. Kb4 Rf7 44. Rd2 Rd7 45. Rc1+ Kb7 46. Rxd7+ Bxd7 47. Bb3 Bh3 48. Rc5 Bg2 49. Bf7 Ra8 50. Rxe5 Ra4+ 51. Kb3 Rd4 52. Re7+ Ka8 53. Be8 1-0

[Event "Titled Tuesday intern op 04th Feb Early"]
[Site "Chess.com INT"]
[Date "2025.02.04"]
[Round "2"]
[White "Ilinca Ilinca, Felix Antonio"]
[Black "Zhakshylykov, Erzhan"]
[Result "1-0"]
[WhiteElo "2412"]
[BlackElo "2310"]
[PlyCount "61"]
[EventDate "2025.02.04"]
[EventType "swiss (blitz)"]
[EventRounds "11"]
[EventCountry "USA"]
[SourceTitle "CB07_2025"]
[SourceDate "2025.02.12"]
[SourceVersion "1"]
[SourceVersionDate "2025.02.12"]
[SourceQuality "1"]

1. d4 d5 2. Nc3 Nf6 3. Bf4 c5 4. e3 cxd4 5. exd4 a6 6. Nf3 Bg4 7. h3 Bxf3 8. Qxf3 Nc6 9. 0-0-0 e6 10. g4 Rc8 11. g5 Nd7 12. Kb1 Bb4 13. a3 Be7 14. h4 Qb6 15. Qe3 Na5 16. Re1 Bxa3 17. Na4 Qb4 18. b3 b5 19. Nc5 Nxc5 20. dxc5 Qxc5 21. Qxc5 Bxc5 22. Bd3 0-0 23. h5 Bxf2 24. Ref1 Bd4 25. Rh4 e5 26. Bd2 e4 27. Bxa5 exd3 28. Rxd4 dxc2+ 29. Kb2 Rfe8 30. Rxd5 Re2 31. Rc1 1-0

[Event "Titled Tuesday intern op 04th Feb Early"]
[Site "Chess.com INT"]
[Date "2025.02.04"]
[Round "3"]
[White "Zhakshylykov, Erzhan"]
[Black "Caetano, Hugo Zanotti Mendon"]
[Result "1-0"]
[WhiteElo "2310"]
[BlackElo "2144"]
[PlyCount "103"]
[EventDate "2025.02.04"]
[EventType "swiss (blitz)"]
[EventRounds "11"]
[EventCountry "USA"]
[SourceTitle "CB07_2025"]
[SourceDate "2025.02.12"]
[SourceVersion "1"]
[SourceVersionDate "2025.02.12"]
[SourceQuality "1"]

1. Nf3 d5 2. c4 e6 3. g3 Nf6 4. Bg2 Be7 5. 0-0 0-0 6. d4 dxc4 7. Na3 c5 8. Nxc4 Nc6 9. dxc5 Qxd1 10. Rxd1 Bxc5 11. Bf4 Nd5 12. Bd6 Bxd6 13. Nxd6 Rd8 14. Nc4 b5 15. Ncd2 Bb7 16. Rac1 Rac8 17. Ne4 Ba8 18. Nc5 Nce7 19. Nd4 b4 20. e3 Nb6 21. Bxa8 Nxa8 22. Na6 Nd5 23. Nc6 Re8 24. Naxb4 Nxb4 25. Nxb4 Nb6 26. Nc6 f6 27. Nxa7 Ra8 28. Rc7 Nd5 29. Rb7 Reb8 30. Rxb8+ Rxb8 31. e4 Ne7 32. Rd7 Ng6 33. b3 Ne5 34. Rc7 Rd8 35. Rc8 Rxc8 36. Nxc8 Kf8 37. Kf1 Ke8 38. Ke2 Kd7 39. Nb6+ Kc6 40. Nc4 Nd7 41. a4 Nc5 42. Nd2 Kb6 43. Ke3 Ka5 44. f4 Kb4 45. Kd4 h5 46. h3 Nd7 47. g4 hxg4 48. hxg4 Nb6 49. a5 Kxa5 50. Kc5 Nd7+ 51. Kc6 Nf8 52. Kc5 1-0

[Event "Titled Tuesday intern op 04th Feb Early"]
[Site "Chess.com INT"]
[Date "2025.02.04"]
[Round "4"]
[White "Zhakshylykov, Erzhan"]
[Black "Ilamparthi, AR."]
[Result "0-1"]
[WhiteElo "2310"]
[BlackElo "2505"]
[PlyCount "62"]
[EventDate "2025.02.04"]
[EventType "swiss (blitz)"]
[EventRounds "11"]
[EventCountry "USA"]
[SourceTitle "CB07_2025"]
[SourceDate "2025.02.12"]
[SourceVersion "1"]
[SourceVersionDate "2025.02.12"]
[SourceQuality "1"]

1. d4 f5 2. Nc3 Nf6 3. Bg5 d5 4. Bxf6 exf6 5. e3 Be6 6. Bb5+ c6 7. Bd3 g6 8. h4 h5 9. Qf3 Bd6 10. Nge2 Nd7 11. Nf4 Bf7 12. 0-0-0 Qe7 13. Kb1 0-0-0 14. Nce2 Kb8 15. Rc1 b5 16. Ng3 Nb6 17. c3 a5 18. Kc2 Nc4 19. Bxc4 bxc4 20. b3 cxb3+ 21. axb3 Kc7 22. Ra1 Ra8 23. Ra4 Ra7 24. Rha1 Rha8 25. Nd3 Kc8 26. Ne2 Qb7 27. Nc5 Qb6 28. Nd3 Rb8 29. Rb1 Be8 30. Nef4 Rab7 31. Nxd5 cxd5 0-1